La crisis mundial de la educación
Enregistré dans:
| Auteur principal: | |
|---|---|
| Format: | Livre |
| Langue: | espagnol |
| Publié: |
Barcelona
Península
1971
|
| Collection: | Historia-Ciencia-Sociedad, 82
|
| Sujets: | |
| Tags: |
Ajouter un tag
Pas de tags, Soyez le premier à ajouter un tag!
|
MARC
| LEADER | 00000nam a2200000 a 4500 | ||
|---|---|---|---|
| 001 | UCY0295 | ||
| 003 | CL-VaPUC | ||
| 008 | 940721e19710000SP |||||||||||||||||spa|d | ||
| 082 | 0 | 4 | |a 306.43 |b COO |2 21 |
| 100 | 0 | |a Coombs, Philip H |e author |9 327942 | |
| 245 | 1 | 3 | |a La crisis mundial de la educación |
| 300 | |a 331 p | ||
| 942 | |c BK | ||
| 945 | |d 19940721 00:00:00 |a rbrito | ||
| 260 | |a Barcelona |b Península |c 1971 | ||
| 650 | 0 | |a Política educacional |9 308011 | |
| 650 | 0 | |a Sociología de la educación |9 260380 | |
| 583 | |a last modification |c 19940721 00:00:00 |k Rodrigo Vera | ||
| 490 | 0 | |a Historia-Ciencia-Sociedad, 82 | |
| 999 | |c 229329 |d 229327 | ||
| 952 | |0 0 |1 0 |4 0 |6 306_430000000000000_COO_1971 |7 0 |8 P |9 230286 |a BIBEDU |b BIBEDU |c BIBEDU_PB |d 2019-11-15 |i 2989883 |o 306.43 COO 1971 |p 2989883 |r 2024-01-25 |w 2019-11-15 |y BK |k EDU | ||